000 00316nam a22001217a 4500
008 181123b xxu||||| |||| 00| 0 eng d
041 _aeng
080 _a043.3
100 _a0
101 _aBTH-MBE
245 _aInovacioni dhe Eksporti ne rritjen e ndermarrjeve te vogla dhe te emsme
_cFetoshi, F
942 _2udc
_cBK
999 _c52466
_d52466